01522nam a2200289 a 450000100100000000500170001000800410002702000180006804000250008608200200011110000590013124500720019026000360026230000280029850000600032659000660038659000260045265000280047865000310050691000370053795201330057495201330070795201330084095201180097395201240109199900170121500004474020240412074303.0150108s2014 dr a 000 p spa d a9789945081527 aDO-SdBNPbspacBNPHU aRD861.44bP123v1 aPadilla Almarante, Natividad de Jesús,d1960-97274210aVendaval de sentimientos /cNatividad de Jesús Padilla Almarante. aSanto Domingo :bBúho,c2014. a99 p. :bil., ;c22 cm. aIncluye datos biográficos de la autora en las solapas aLa biblioteca posee 3 ejemplares autográfiados por el autor aInventariado, 2018/LP 0aPoesía dominicana966 0aLiteratura dominicana.967 aValidado. Control de calidad MFF 001054708DSaGRbGRcHDd2015-01-08iLF1l0oRD861.44 P123vp44740-30r2020-06-25te. 3w2020-06-25yLFDSZPréstamo en sala 001054708DSaGRbGRcHDd2015-03-05iLF1l0oRD861.44 P123vp44740-40r2020-06-25te. 4w2020-06-25yLFDSZPréstamo en sala 001054708DSaGRbGRcHDd2015-03-05iLF1l0oRD861.44 P123vp44740-50r2020-06-25te. 5w2020-06-25yLFDSZPréstamo en sala 0010718PDaPDbPDcHDd2015-01-08iLF1l0oRD861.44 P123vp44740-10r2020-06-25w2020-06-25yLFPDZNo se presta 0010718PDaPDbPDcHDd2015-01-08iLF1l0oRD861.44 P123vp44740-20r2020-06-25te. 2w2020-06-25yLFPDZNo se presta c44229d44229